00000000nas##2200000za#4500
0019.506881
003CaOODSP
00520241203113633
007cr |||||||||||
008150406c1998||||xxc|| p o||||f|   |0eng|d
022 |a1492-4773
040 |aCaOODSP|beng
043 |an-cn---
0861 |aEn81-15E-PDF
1101 |aCanada. |bEnvironment Canada.
24510|aNational Pollutant Release Inventory, about the NPRI |h[electronic resource]
2461 |aAbout the NPRI
260 |aHull - Quebec : |bEnvironment Canada
310 |aAnnual
3621 |a1998--
69007|aPollutants|2gcpds
77508|tInventaire national des rejets de polluants - à propos de l'INRP |w(CaOODSP)9.503277